| 000 | 00625nam a2200181 i 4500 | ||
|---|---|---|---|
| 001 | 80018 | ||
| 003 | ES-MaACL | ||
| 005 | 20230906174116.0 | ||
| 007 | t| | ||
| 008 | 041026s1972 sp ||||1| spa d | ||
| 100 | 1 |
_aHethmon, Robert H. _963481 |
|
| 245 | 1 | 3 |
_aEl método de Actors Studio _b: (conversaciones con Lee Strasberg) / _cRobert H. Hethmon ; [traducción: Charo Alvarez y Ana María Gutiérrez-Cabello]. |
| 260 |
_a[Madrid] : _bFundamentos, _c[1972] |
||
| 300 |
_a302 p. ; _c19 cm. |
||
| 700 | 1 |
_aAlvarez, Rosario. _920675 |
|
| 700 | 1 |
_aGutierrez-Cabello, Ana María. _961098 |
|
| 852 |
_aES-MaACL _jC-51350 _bR.83551 |
||
| 999 |
_c80018 _d80018 |
||